Začali sa prípravy na voľby do VÚC

Bibliographic Details
Main Author: bm (Author)
Corporate Author: Košický samosprávny kraj (Slovensko). Úrad (Author)
Format: Article
Language:Slovak
Subjects:

MARC

LEADER 00000nab a2200000 a 4500
001 vtls000907439
003 SK-MaSNL
005 20260303192244.0
008 040720e20011005xo 0 slo
035 |a KE16377 
040 |a KEVKJB  |b slo  |c KEVKJB  |e AACR2 
041 0 |a slo 
044 |a xo  |c SK 
080 |a 353.2  |2 1981 
100 0 |a bm  |4 aut  |9 840066 
245 1 0 |a Začali sa prípravy na voľby do VÚC 
610 2 7 |a Košický samosprávny kraj (Slovensko).  |b Úrad  |2 KEVKJB  |9 30611 
650 0 7 |a samosprávne kraje   |2 KEVKJB  |9 58408 
650 0 7 |a voľby  |2 KEVKJB  |9 1580 
650 0 7 |a príprava  |2 KEVKJB  |9 301772 
650 0 7 |a informácie  |2 KEVKJB  |9 1285 
651 7 |a Košice (Slovensko)  |2 KEVKJB  |9 18694 
651 7 |a KE,  |2 KEVKJB  |9 877256 
655 7 |a periodikum  |2 snkbucl  |9 29553 
710 2 |a Košický samosprávny kraj (Slovensko).  |b Úrad  |4 aut  |9 30611 
773 0 8 |t Košický večer  |g Roč. 12  |g Roč. 33, č.193, 5.10.2001, s. 3 
852 |a ZVYKNI  |b KIS3GCP 
999 |c 2145166  |d 2147096